Human Resource Management (Record no. 211918)

MARC details
000 -LEADER
fixed length control field 00584nam a22002057a 4500
005 - DATE AND TIME OF LATEST TRANSACTION
control field 20250624121855.0
010 ## - LCCN (DPL NO)
LC control number ENG-145430
020 ## - INTERNATIONAL STANDARD BOOK NUMBER
International Standard Book Number 9789361635069
Terms of availability 280.00
035 ## - SYSTEM CONTROL NUMBER
System control number EN-128962
037 ## - SOURCE OF ACQUISITION
Source of stock number/acquisition DBAD
082 ## - DEWEY DECIMAL CLASSIFICATION NUMBER
Classification number 658.3
Edition number 1
100 ## - MAIN ENTRY--PERSONAL NAME
Personal name P. Rajini
245 ## - TITLE STATEMENT
Title Human Resource Management
Statement of responsibility, etc P. Rajini [and] R. Kiruthika
250 ## - EDITION STATEMENT
Edition statement 1
260 ## - PUBLICATION, DISTRIBUTION, ETC. (IMPRINT)
Place of publication, distribution, etc Tamil Nadu
Name of publisher, distributor, etc Shanlax Publication
270 ## - ADDRESS
Address Vasant Nagar, Madurai
City Tamil Nadu
Postal code 625003
300 ## - PHYSICAL DESCRIPTION
Extent 128p.
Dimensions 22cm.(Pb)
700 ## - ADDED ENTRY--PERSONAL NAME
Personal name R. kiruthika
9 (RLIN) 82277
942 ## - ADDED ENTRY ELEMENTS (KOHA)
Source of classification or shelving scheme Dewey Decimal Classification
Item type English Books
Classification part 658.3
Call number suffix RAJ
Edition 1
Holdings
Withdrawn status Lost status Not for loan Collection code Home library Current library Date acquired Source of acquisition Cost, normal purchase price Full call number Barcode Copy number Cost, replacement price Koha item type
      Non-fiction Ashok Vihar Ashok Vihar 24/06/2025 DBAD 280.00 658.3 RAJ EN-128962 1 280.00 English Books

© Delhi Public Library
Hit Counter
free hit counter